00846nabaa22001817a 4500003000400000005001700004008004100021040000700062100003300069245009900102300001500201505018000216505008900396650002700485650001100512650002700523773011400550OSt20260122220806.0190701b xxu||||| |||| 00| 0 spa d cPJ aMario A. Fernández Moreno.10aAborto y objeción de conciencia judicial en el fuero federal /cMario A. Fernández Moreno. ap. 124-135 aSumario: I. Un nuevo escenario.— II. Concepto.— III. Análisis normativo.— IV. Análisis jurisprudencial.— V. Objetores en el ámbito judicial.— VI. Conclusión. t¿Te interesa el texto completo? Comunicate al correo: koha@justierradelfuego.gov.ar 0aDERECHO ADMINISTRATIVO 0aABORTO 0aOBJECION DE CONCIENCIA0 02842dBuenos Aires : AbeledoPerrot, 2012-oDA121tDerecho administrativo. Nº 148 julio/agosto 2023z18510590